00714nam a2200241 a 4500001001300000003000900013005001700022008004100039020001000080082001600090100002600106245003800132260003900170300000900209500003500218505001000253650002200263700002600285902000800311942000700319952012900326999001700455nice12345678IN_TiNIC20260116013713.0050524s1997 amba grp 000 0 eng  ac30000a297.7bKHA1 aKhan, Mohammad Sharif aSome Aspects of Islamic Education aAmbala CanttbAssociated Pubc1997 a176p aincludes index and biblioraphy2 aIndex aIslamic-Education1 aKhan, Mohammad Sharif bSRS cBK 001040708StackRoom-aHMIbHMId2007-07-12g300.00l2o297.7 KHA1p017766r2018-03-15s2018-01-17v300.00w2005-05-24yBK c12054d12054